000 00364cam a2200169 4500
001 D13591
008 090401t1913 xxu||||| |||| 00| 0 eng d
035 _a(Sirsi) u10575
041 _aeng
100 _aParry, R.
245 _aValuation tables
260 _bEstates Gazette
_c1913
350 _a0
520 _aShelf 133
942 _n0
948 _c04/03/1997
999 _c86758
_d86758